000 00788nam a2200217Ii 4500
003 JO-AjNU
008 230605s9999||||xx |||||||||||||| ||und||
017 _a1978/5103
020 _a7292-49-7
040 _aJO-AjNU
_bara
_erda
_cJO-AjNU
041 _aara
050 1 4 _aPJ6074.A75 1978
100 3 _aتاليف موسى،أشرف محمد,
_eauthor
_98093
245 0 0 _aالكتابة العربية الادبية والعلمية
264 3 1 _aالقاهرة: مكتبة الفانجى بالقاهرة، 1978
300 _a169ص
336 _atext
_btxt
_2rdacontent
337 _aunmediated
_bn
_2rdamedia
338 _avolume
_bnc
_2rdacarrier
650 4 _aاللغة العربية-الكتابة العربية-الكتابة العربية الادبية والعلمية
_98094
999 _aA612
_c4180
_d4180